Homilías sobre los evangelios que la iglesia propone para los dias de la quaresma.

Detalles Bibliográficos
Autor principal: BAUTISTA De LA NUZA, Jerónimo (Fray)
Formato: Libro
Publicado: Barcelona 1633
Edición:2a. ed.
Materias:
Colección:Banco de datos
Acervo:Biblioteca del Museo Regional de Querétaro. INAH. Querétaro
Descripción Física:t. III
Tema general:Homilética
Notas:Regular. Ex libris manuscrito. 3D7, 5.
LEADER 00795nam a22002170004500
035 |a 21854 
036 |a 339 
100 1 |a BAUTISTA De LA NUZA, Jerónimo (Fray) 
245 1 0 |a Homilías sobre los evangelios que la iglesia propone para los dias de la quaresma. 
250 |a 2a. ed. 
260 |a Barcelona  |b Sebastián Cormellas imp.  |c 1633 
300 |a t. III 
500 |a Regular. Ex libris manuscrito. 3D7, 5. 
650 1 0 |a Homilética 
949 |a C.R.Q. 
959 |a Ex convento Grande de San Francisco de la ciudad de Querétaro, Museo Regional de Querétaro  |b CCC2 
960 |a Convento Grande de San Francisco de la ciudad de Querétaro  |b DD68 
961 |a Franciscana  |b OF 
942 |c C.R.Q. 
943 |g Biblioteca del Museo Regional de Querétaro. INAH. Querétaro 
999 |c 978170  |d 978170